[Event "NK 2024 kwalificatie"]
[Site "Utrecht"]
[Date "????.??.??"]
[Round "?"]
[White "Pijpers, Arthur"]
[Black "Monteban, Martijn"]
[Result "1-0"]
[WhiteElo "2460"]
[BlackElo "2315"]

[PlyCount "49"]
[EventDate "2024.06.08"]
[EventType "tourn (rapid)"]
[EventRounds "13"]
[EventCountry "NED"]

1. e4 c5 2. Nc3 Nc6 3. Nf3 g6 4. d4 cxd4 5. Nxd4 Bg7 6. Be3 Nf6 7. Bc4 d6 8. f3
O-O 9. Qd2 Bd7 10. h4 Nxd4 11. Bxd4 Qc8 12. Bb3 Be6 13. O-O-O Bxb3 14. axb3 h5
15. g4 Kh7 16. Bxf6 Bxf6 17. gxh5 gxh5 18. Rdg1 Qe6 19. f4 Rg8 20. Qe2 Kh6 21.
Nd5 Rac8 22. Qe3 Kh7 23. Nxf6+ Qxf6 24. Rg5 Qh6 25. Qf3 1-0

[Event "NK 2024 kwalificatie"]
[Site "Utrecht"]
[Date "????.??.??"]
[Round "?"]
[White "Nicolai, Amir"]
[Black "Van Oosterom, Chiel"]
[Result "1-0"]
[WhiteElo "2156"]
[BlackElo "2409"]

[PlyCount "73"]
[EventDate "2024.06.08"]
[EventType "tourn (rapid)"]
[EventRounds "13"]
[EventCountry "NED"]

1. d4 f5 2. Nc3 Nf6 3. Bg5 d5 4. Bxf6 exf6 5. e3 Be6 6. Bd3 Nc6 7. Nge2 Qd7 8.
a3 h5 9. b3 h4 10. Na4 b6 11. c4 g5 12. Qc2 Ne7 13. Nac3 h3 14. g3 Bg7 15. Rc1
O-O 16. O-O c5 17. Rfd1 Rac8 18. dxc5 Qb7 19. cxd5 Nxd5 20. e4 Nxc3 21. Nxc3
Rxc5 22. b4 Rc7 23. Qe2 Rfc8 24. Ba6 Qa8 25. Bxc8 Qxc8 26. Nd5 Rxc1 27. Ne7+
Kf7 28. Nxc8 Rxc8 29. Qh5+ Ke7 30. Qh7 Kf8 31. exf5 Bb3 32. Re1 Bd5 33. Qxh3
Rc3 34. Qh5 Bf7 35. Qd1 Kg8 36. Qd8+ Kh7 37. Qd7 1-0

[Event "NK 2024 kwalificatie"]
[Site "Utrecht"]
[Date "????.??.??"]
[Round "?"]
[White "Timmerman, Gert"]
[Black "Bakker, Jouke"]
[Result "0-1"]
[WhiteElo "2202"]
[BlackElo "2143"]

[PlyCount "80"]
[EventDate "2024.06.08"]
[EventType "tourn (rapid)"]
[EventRounds "13"]
[EventCountry "NED"]

1. e4 c5 2. Nf3 e6 3. d4 cxd4 4. Nxd4 Nc6 5. Nc3 Qc7 6. Nxc6 bxc6 7. Bd3 Nf6 8.
O-O d5 9. Qe2 Be7 10. b3 O-O 11. Bb2 Bb7 12. Kh1 c5 13. e5 Nd7 14. f4 Rac8 15.
Nb5 Qb6 16. c4 d4 17. f5 exf5 18. Bxf5 Rcd8 19. e6 fxe6 20. Qxe6+ Qxe6 21.
Bxe6+ Kh8 22. Nc7 Bd6 23. Nb5 Be7 24. Nc7 Ne5 25. Bd5 Bxd5 26. Nxd5 Bd6 27. a4
Kg8 28. Ba3 a5 29. Kg1 Rxf1+ 30. Rxf1 Rb8 31. Bc1 Rxb3 32. Bf4 h6 33. Re1 Nxc4
34. Bxd6 Nxd6 35. Re6 Nb7 36. Re8+ Kh7 37. Re7 c4 38. Nf4 Nc5 39. Nh5 Rb7 40.
Re5 Rb1+ 0-1

[Event "NK 2024 kwalificatie"]
[Site "Utrecht"]
[Date "????.??.??"]
[Round "?"]
[White "Slagboom, Leandro"]
[Black "Schippers, Maurice"]
[Result "1-0"]
[WhiteElo "2325"]
[BlackElo "2263"]

[PlyCount "75"]
[EventDate "2024.06.08"]
[EventType "tourn (rapid)"]
[EventRounds "13"]
[EventCountry "NED"]

1. e4 c5 2. Nf3 d6 3. d4 cxd4 4. Nxd4 Nf6 5. Nc3 a6 6. Be3 e5 7. Nf3 Be7 8. Bc4
Be6 9. Bb3 O-O 10. Qe2 h6 11. O-O-O Qc7 12. Nh4 Nbd7 13. Ng6 Rfe8 14. Bxe6 fxe6
15. g4 Kf7 16. Nxe7 Rxe7 17. h4 h5 18. gxh5 Rh8 19. Bg5 b5 20. a3 Ree8 21. Qd2
Nc5 22. Bxf6 gxf6 23. h6 a5 24. Rhg1 Rh7 25. Qxd6 Qxd6 26. Rxd6 b4 27. axb4
axb4 28. Nb5 Nxe4 29. Rb6 Kf8 30. f3 Nc5 31. Nd6 Rd8 32. Rg6 Ke7 33. Ne4 Nd7
34. Rxb4 Rdh8 35. Rb7 f5 36. Nc5 Kf7 37. Rxe6 Rd8 38. Rd6 1-0

[Event "NK 2024 kwalificatie"]
[Site "Utrecht"]
[Date "????.??.??"]
[Round "?"]
[White "Kumar, Prajit Sai"]
[Black "Gassner, Yuri"]
[Result "1-0"]
[WhiteElo "2142"]
[BlackElo "1993"]

[PlyCount "53"]
[EventDate "2024.06.08"]
[EventType "tourn (rapid)"]
[EventRounds "13"]
[EventCountry "NED"]

1. e4 e5 2. Nf3 Nc6 3. Bc4 Nf6 4. d3 Bc5 5. c3 d6 6. O-O a6 7. a4 Ba7 8. Re1
O-O 9. h3 Kh8 10. b4 Ng8 11. d4 Qe7 12. Bg5 f6 13. Be3 f5 14. exf5 e4 15. Bg5
Nf6 16. Nh4 Qd8 17. Bd5 Ne7 18. Bxe4 h6 19. Bxf6 Rxf6 20. Qh5 d5 21. Bd3 Bd7
22. Nd2 c6 23. Ndf3 Be8 24. Qg4 Bb8 25. Ne5 Qd6 26. Re2 Bc7 27. Rae1 1-0

[Event "NK 2024 kwalificatie"]
[Site "Utrecht"]
[Date "????.??.??"]
[Round "?"]
[White "Jansen, Bob"]
[Black "Kollen, Zyon"]
[Result "1-0"]
[WhiteElo "2234"]
[BlackElo "2341"]

[PlyCount "83"]
[EventDate "2024.06.08"]
[EventType "tourn (rapid)"]
[EventRounds "13"]
[EventCountry "NED"]

1. e4 e6 2. d4 d5 3. e5 c5 4. c3 Qb6 5. Nf3 Nc6 6. Bd3 cxd4 7. O-O Bd7 8. Re1
Nh6 9. c4 dxc4 10. Bxc4 Nf5 11. a3 a5 12. Bd3 Be7 13. Nbd2 a4 14. Nc4 Qc5 15.
Bg5 b5 16. Bxe7 Ncxe7 17. Ncd2 h5 18. Rc1 Qb6 19. Ne4 Rd8 20. h3 Bc6 21. Nfg5
Qb8 22. Qe2 Rd5 23. Nxf7 Kxf7 24. Ng5+ Kg8 25. Nxe6 Bd7 26. Nf4 Rh6 27. Nxd5
Nxd5 28. Qf3 Nde7 29. Be4 Qb6 30. Red1 Bc6 31. Rxc6 Rxc6 32. Bxf5 Qc5 33. Be4
Re6 34. Qxh5 g6 35. Qh6 Qxe5 36. Bb1 Qd5 37. Rc1 Kf7 38. Qh7+ Ke8 39. Qh8+ Kd7
40. Qb8 Rc6 41. Qa7+ Ke6 42. Re1+ 1-0